000 00341nam a2200133Ia 4500
008 220216s9999 xx 000 0 und d
100 _aSinghania R P
245 0 _aProspects of automotive tyre manufacture in India
260 _bRubber Board Bulletin
_c1983
300 _a7-May
650 _aIndia
650 _aTyre industry
942 _cJS
999 _c66029
_d66029